000 01074nam a2200265Ia 4500
003 OSt
005 20221005104747.0
006 a|||||r|||| 00| 0
007 ta
008 221004b |||||||| |||| 00| 0 hin d
020 _c50
024 _a8811
037 _b20480, 08/01/2014, Hindi Madhyam Karyanvyan Nideshalye
_cTextual
040 _aCRL
_cCRL
_bhin
041 _2hin
_ahin
082 _aM14, 152N2
100 _aओझा, प्रफुल्लचंद्र, ‘मुक्त’
_9623832
245 0 _aमुद्रण परिचय
246 _aMudraṇ parichaya
260 _aदिल्ली
_bविश्वविद्यालय हिन्दी माध्यम कार्यान्वय निदेशालय भारत
_c1992
300 _a160पृ0
_ccm.
650 _aललित कला
_9156314
942 _hM14, 152N2
_cTEXL
_2cc
999 _c1013696
_d1013696